000 00676cam a2200229 a 4500
001 515520
005 20180227054609.0
008 860305s1987 nju b 001 0 eng
010 _a 86004998
020 _a0136851738 (pbk.)
040 _aDLC
_cDLC
_dDLC
041 _aeng
043 _an-us---
080 _a353.0089
082 0 0 _a353.0089 HIL
_219
100 1 _a20
101 _aSHP
245 1 4 _aThe politics of policy making in defense and foreign affairs :
_cRoger Hilsman.
504 _aIncludes bibliographical references and index.
906 _a7
_bcbc
_corignew
_d1
_eocip
_f19
_gy-gencatlg
942 _2ddc
_cBK
999 _c43583
_d43583